000 00352 a2200121 4500
001 ART_12816
005 20260410161733.0
008 260409a
245 1 0 _aObligaciones negociables
100 1 _aChapto, Alejandro Miguel
700 1 _aSchefer, Ricardo
773 0 _tEjecutivos de finanzas
_g- Año 6, Nº 49 (sep. 1988)
_wREV2863
999 _c18056
_d18056